Daňový a účtovný poradca podnikateľa

Na minha lista:
Detalhes bibliográficos
Formato: Periódico
Idioma:eslovaco
Publicado em: Žilina Poradca podnikateľa 2001
Assuntos:
Tags: Adicionar Tag
Sem tags, seja o primeiro a adicionar uma tag!

MARC

LEADER 00000nas2a2200000 4500
001 0006513
005 20230316092252.0
022 |a 1335-0897 
041 0 |a slo 
044 |a SK 
245 1 0 |a Daňový a účtovný poradca podnikateľa 
264 1 |a Žilina  |b Poradca podnikateľa  |c 2001 
300 |a 2 zv. 
500 |a Chýba č. 15 
773 0 |w eu_un_cat*s120009 
610 2 0 |a účtovníctvo 
610 2 0 |a dane 
610 2 0 |a metodika 
610 2 0 |a podnikatelia